000 00285nam a2200109Ia 4500
008 220204s9999 xx 000 0 und d
082 _a637.12(047)
_bIND
245 0 _aReport on mineral composition of milk
260 _aNew Delhi
_bICAR
_c1962
650 _aMilk composition
942 _cBK
999 _c21944
_d21944